000 00344nam a2200133Ia 4500
008 220216s9999 xx 000 0 und d
100 _aSekhar B C
245 0 _aIn future, NR will be much more than just an elastomer
260 _bRubber Asia
_c2005
300 _a140-144
650 _aNR production
650 _aRubber history
942 _cJS
999 _c60923
_d60923